000 00711nam a22002292 4500
001 0000024115
005 20151021151148.0
008 130611s xx 000 0 eng d
020 _a8131725221 :
040 _aKABU
_cKABU
100 1 _aDeitel, P. J.
_@0000154450
245 1 0 _aInternet & World Wide Web :
_bhow to program /
_cP. J. Deitel, H. M. Deitel.
250 _a4th ed.
260 _aNew Delhi :
_bPearson,
_c2009.
300 _axxxi, 1329 p.
650 0 _aInternet programming.
_@0000154340
650 0 _aWorld Wide Web.
_@0000154277
700 1 _aDeitel, H. M.
_@0000154449
852 1 _9p3210 KES
908 _a130611
950 _@1
999 _c1364
_d1364